000 00792nam a2200265Ia 4500
003 OSt
005 20221006144131.0
006 a|||||r|||| 00| 0
007 ta
008 221006b |||||||| |||| 00| 0 eng d
020 _c£6.00
024 _a10,961
037 _cTextual
040 _aEASL
_cEASL
_beng
041 _2eng
_aeng
082 _aR3,(Q8413):g, L4
100 _aBINGHAM Irwin Drake Jr.
_9645140
245 0 _aCommunication and the Tao
_b A study of the communication theory implicit in the Taoist and Buddhist traditions of China
260 _aMichigan
_bUniversity of Microfilms
_c1971
300 _a153p.
_ccm.
490 _v CEL
650 _aCEL
942 _hR3,(Q8413):g, L4
_cTEXL
_2CC
999 _c1079047
_d1079047